Normal view
MARC view
- العلوم الاجتماعية- البيع الشخصي
Entry Topical Term
001 - CONTROL NUMBER
- control field: 29325
003 - CONTROL NUMBER IDENTIFIER
- control field: JO-AjAnu
005 - DATE AND TIME OF LATEST TRANSACTION
- control field: 20230606074947.0
008 - FIXED-LENGTH DATA ELEMENTS
- fixed length control field: 230606|| aca||aabn | a|a d
040 ## - CATALOGING SOURCE
- Original cataloging agency: JO-AjAnu
- Transcribing agency: JO-AjAnu
150 ## - HEADING--TOPICAL TERM
- Topical term or geographic name entry element: العلوم الاجتماعية- البيع الشخصي
670 ## - SOURCE DATA FOUND
- Source citation: Work cat.: (JO-AjAnu)15053: الصيرفي، محمد, author 29324, البيع الشخصي : دراسة للمهارات الواجب توافرها في رجل البيع / المفاهيم البيعية، ج1